Statistics for Counties of the UK and Ireland

Click here to take the quiz!

General Stats

  • This quiz has been taken 75,972 times
  • The average score is 57 of 134

Answers on the Map

Answers color-coded by a green-red scale on the quiz's map according to % correct below.
 

Answer Stats

CountryCounty% Correct
EnglandGreater London
92%
EnglandCity of London
90%
EnglandNorth Yorkshire
82%
EnglandCornwall
80%
EnglandGreater Manchester
78%
IrelandDublin
77%
EnglandEssex
74%
ScotlandEdinburgh
73%
ScotlandGlasgow
73%
EnglandKent
72%
IrelandCork
71%
EnglandDevon
71%
WalesCardiff
70%
EnglandOxfordshire
70%
EnglandCambridgeshire
68%
ScotlandAberdeen City
66%
ScotlandAberdeenshire
66%
EnglandCity of Bristol
66%
EnglandNorfolk
66%
EnglandIsle of Wight
64%
EnglandLancashire
63%
EnglandNottinghamshire
63%
EnglandLeicestershire
62%
Northern IrelandDerry / Londonderry
61%
EnglandHampshire
61%
EnglandSuffolk
61%
EnglandCumbria
60%
EnglandLincolnshire
60%
EnglandNorthumberland
60%
EnglandSomerset
59%
EnglandSouth Yorkshire
59%
EnglandDerbyshire
58%
EnglandEast Riding of Yorkshire
58%
EnglandGloucestershire
58%
ScotlandHighland
58%
EnglandWest Yorkshire
58%
EnglandCheshire
57%
EnglandEast Sussex
57%
EnglandWest Sussex
57%
EnglandDorset
56%
EnglandMerseyside
56%
ScotlandShetland Islands
56%
EnglandSurrey
56%
EnglandTyne and Wear
56%
EnglandBuckinghamshire
55%
EnglandWorcestershire
55%
EnglandHertfordshire
54%
WalesSwansea
54%
EnglandWest Midlands
54%
EnglandDurham
53%
EnglandHerefordshire
52%
EnglandNorthamptonshire
52%
EnglandBerkshire
51%
ScotlandOrkney Islands
51%
EnglandBedfordshire
50%
EnglandShropshire
49%
EnglandWarwickshire
49%
EnglandWiltshire
48%
IrelandGalway
47%
EnglandRutland
47%
IrelandLimerick
46%
EnglandStaffordshire
46%
ScotlandNa h-Eileanan Siar
45%
ScotlandDundee City
43%
WalesIsle of Anglesey
42%
ScotlandPerth and Kinross
40%
IrelandKerry
39%
IrelandDonegal
38%
IrelandWaterford
38%
Northern IrelandAntrim
37%
Northern IrelandArmagh
36%
ScotlandDumfries and Galloway
36%
IrelandMayo
36%
Northern IrelandDown
35%
IrelandKilkenny
35%
WalesPembrokeshire
35%
IrelandWexford
35%
IrelandSligo
34%
Northern IrelandTyrone
33%
IrelandClare
32%
ScotlandFife
32%
WalesNewport
32%
ScotlandStirling
32%
ScotlandScottish Borders
31%
IrelandMeath
30%
WalesPowys
30%
Northern IrelandFermanagh
29%
IrelandKildare
29%
IrelandLouth
29%
IrelandTipperary
29%
WalesVale of Glamorgan
29%
ScotlandArgyll and Bute
28%
ScotlandEast Lothian
28%
ScotlandWest Lothian
28%
IrelandWicklow
28%
WalesWrexham
28%
WalesMonmouthshire
27%
ScotlandMidlothian
26%
IrelandWestmeath
26%
IrelandCavan
25%
WalesCeredigion
25%
IrelandMonaghan
25%
IrelandOffaly
25%
IrelandRoscommon
25%
ScotlandAngus
24%
IrelandCarlow
24%
WalesCarmarthenshire
24%
IrelandLaois
24%
IrelandLeitrim
24%
WalesFlintshire
23%
WalesGwynedd
23%
IrelandLongford
23%
ScotlandMoray
23%
ScotlandNorth Ayrshire
22%
WalesBlaenau Gwent
21%
WalesConwy
21%
ScotlandFalkirk
21%
WalesNeath Port Talbot
21%
ScotlandRenfrewshire
21%
ScotlandSouth Ayrshire
21%
WalesDenbighshire
20%
ScotlandEast Ayrshire
20%
ScotlandSouth Lanarkshire
20%
ScotlandClackmannanshire
19%
ScotlandNorth Lanarkshire
19%
WalesBridgend
18%
WalesCaerphilly
18%
ScotlandEast Dunbartonshire
18%
WalesRhondda Cynon Taf
18%
ScotlandWest Dunbartonshire
18%
ScotlandEast Renfrewshire
17%
ScotlandInverclyde
17%
WalesMerthyr Tydfil
17%
WalesTorfaen
15%

Score Distribution

Percentile by Number Answered

Percent of People with Each Score

Your Score History

You have not taken this quiz